Normale Ansicht MARC-Ansicht ISBD

Wann ist endlich Baustart? (Titelsatznr. 373976)

[ MARC ]
MARC-Details
000 -Satzkennung
Kontrollfeld mit fester Länge 00634nab a2200193 4500
001 - Kontrollnummer
Kontrollfeld 244442
003 - Kontrollnummer Identifier
Kontrollfeld OSt
005 - Datum und Zeit der letzten Transaktion
Kontrollfeld 20250826090442.0
007 - Feld mit fester Länge zur physischen Beschreibung - Allgemeine Information
Kontrollfeld mit fester Länge tu
008 - Feld mit fester Länge zur physischen Beschreibung - Allgemeine Angaben
Kontrollfeld mit fester Länge 200917s2020|||||||
040 ## - Katalogisierungsquelle
Original-Katalogisierungsstelle DE-2950
Übertragungsstelle DE-2950
245 00 - Titel
Titel Wann ist endlich Baustart?
Zusatz zum Titel Verkehr. Die Arbeiten zum Weiterbau der B 112 in Frankfurt stehen in den Startlöchern. Jetzt gibt es ein Update zum Stand bei der Ortumfahrung/
Verfasserangabe etc. Ines Weber-Rath
264 ## - Produktion, Veröffentlichung, Distribution, Herstellung und Urheberrechtsvermerk
Datum der Herstellung, der Veröffentlichung, des Vertriebs oder des Urheberschutzvermerks 2024
653 ## - Indexierungsterm - Nicht normiert
Nicht-normierter Term Frankfurt (Oder)
653 ## - Indexierungsterm - Nicht normiert
Nicht-normierter Term Ortsumfahrung
653 ## - Indexierungsterm - Nicht normiert
Nicht-normierter Term B 112
773 0# - Übergeordnete Einheit
Verknüpfungsangaben 36. Jahrgang (2025) Nr. 197 vom 25.08.2025, S. 11 mit Foto
Titel Märkische Oderzeitung
942 ## - Zusätzliche Felder (Koha)
Klassifikation oder Aufstellungssystematik Andere/Generische Klassifikation
Koha-Medientyp Aufsätze
Exemplare
Ausgeschieden Verloren Klassifikation oder Aufstellungssystematik Beschädigt Nicht entleihbar Heimatbibliothek Aufenthaltsbibliothek Aufstellungsort Erwerbungsdatum Anzahl Ausleihen Signatur Letzte Aktivität Preis gültig von Koha-Medientyp
    Andere/Generische Klassifikation     Stadtarchiv Frankfurt (Oder) | Archivbibliothek Stadtarchiv Frankfurt (Oder) | Archivbibliothek Magazin 26/08/2025   Z2 26/08/2025 26/08/2025 Aufsätze